Test Flagi #01 - Statystyki

Ogólne statystyki
  • Ten quiz został rozwiązany 367 razy
  • Średni wynik to 11 z 15
Statystyki odpowiedzi
Obrazkowy Odpowiedź % Poprawnych
Kanada
99%
Francja
98%
Włochy
98%
Irlandia
97%
Watykan
97%
Australia
96%
Irak
84%
Czad
73%
Zjednoczone Emiraty Arabskie
70%
Barbados
66%
Bahrajn
61%
Fidżi
61%
Mali
57%
Mikronezja
46%
Sudan Południowy
40%
Nie znaleziono quizów pasujących do podanych kryteriów
Rozkład punktacji
Procent ludzi z każdym wynikiem
Percentyl według liczby udzielonych odpowiedzi
Twoja historia wyników
Nie rozwiązałeś tego quizu